000 01122cab a2200313 4500
001 ABS57654
008 090401t1997 xxu||||| |||| 00| 0 eng d
035 _a(Sirsi) u81031
041 _aeng
100 _aGraham, T.
245 _aDuel over the details
260 _c1997
350 _a0
490 _aEstates Gazette
_v(9737) 13 September 1997, 154-156(3)
520 _aDiscusses the problems that can arise when draft purchase contracts do not contain clear definitions regarding planning permission. Suggests practical drafting approaches, using case law to illustrate the problems that can arise.
650 _aCONDITIONAL CONTRACTS
650 _aDRAFTING
650 _aHARGREAVES V LYNCH
650 _aOPTIONS TO PURCHASE
650 _aPLANNING CONSENT
650 _aPLANNING PERMISSION
650 _aRESERVED MATTERS
650 _aRICHARD WEST & PARTNERS (INVERNESS) LTD V DICK
650 _aTOWN AND COUNTRY PLANNING (GENERAL DEVELOPMENT PROCEDURE) ORDER 1995
650 _aTOWN AND COUNTRY PLANNING ACT 1990
690 _aPLANNING LAW AND PRACTICE
942 _n0
948 _c23/09/1997
999 _c51052
_d51052